| 000 | 00352 a2200109 4500 | ||
|---|---|---|---|
| 001 | ART_5573 | ||
| 005 | 20260410161827.0 | ||
| 008 | 260409a | ||
| 245 | 1 | 0 | _aTeoría económica, política económica e ideología |
| 100 | 1 | _aGutiérrez, Ricardo Raúl | |
| 773 | 0 |
_tEstudios Económicos _g- Vol. 4, Nº 7/8 (ene./dic. 1986) _wREV5080 |
|
| 999 |
_c22915 _d22915 |
||